[Event "XV  MIEDZYNARODOWY FESTIWAL  SZACHOWY "]
[Site "Rewal"]
[Date "2010.08.23"]
[Round "4.16"]
[White "Andrenko, Irina"]
[Black "Siedlinski, Piotr"]
[Result "1-0"]
[WhiteElo "2133"]
[BlackElo "2000"]
[PlyCount "63"]
[EventDate "2010.??.??"]

1. e4 d5 2. exd5 Qxd5 3. Nc3 Qa5 4. d4 Nf6 5. Nf3 Bf5 6. Bc4 e6 7. Bd2 c6 8.
Qe2 Qc7 9. O-O-O Nbd7 10. Nh4 Bg6 11. Nxg6 hxg6 12. h4 O-O-O 13. g3 Bd6 14. Bg5
Rhe8 15. Rhe1 Nb6 16. Bb3 Nbd5 17. Ne4 Be7 18. c4 Nxe4 19. Qxe4 Bxg5+ 20. hxg5
Nb6 21. Kb1 Rh8 22. f4 Kb8 23. Re3 Rh2 24. Rc3 Nd7 25. Qe3 Qb6 26. c5 Qc7 27.
Rdc1 Rdh8 28. Bc4 Rg2 29. Bf1 Rgh2 30. Rb3 Ka8 31. Ra3 Rb8 32. Rxa7+ 1-0

[Event "XV  MIEDZYNARODOWY FESTIWAL  SZACHOWY "]
[Site "Rewal"]
[Date "2010.08.23"]
[Round "4.17"]
[White "Kastelik, Adrian"]
[Black "Spicak, Krzysztof"]
[Result "1-0"]
[WhiteElo "1942"]
[BlackElo "2026"]
[PlyCount "73"]
[EventDate "2010.??.??"]

1. e4 e6 2. d4 d5 3. e5 c5 4. Qg4 cxd4 5. Nf3 Nc6 6. Bd3 f5 7. Qg3 Bd7 8. a3
Qc7 9. O-O Nh6 10. c3 Rc8 11. cxd4 Qb6 12. Nc3 Nxd4 13. Nxd4 Qxd4 14. Nb5 Qg4
15. Qxg4 Nxg4 16. Nxa7 Rd8 17. Bf4 Be7 18. h3 Nh6 19. Bxh6 gxh6 20. Rac1 Ra8
21. Nb5 Kd8 22. Rc3 Rc8 23. Rfc1 Bg5 24. Rxc8+ Bxc8 25. Rc2 Be7 26. b4 h5 27.
Nd4 Rg8 28. Ra2 Kc7 29. Be2 h4 30. Bh5 Rg5 31. Bf7 f4 32. Bxe6 Rxe5 33. Rc2+
Kd6 34. Bxc8 Re1+ 35. Kh2 Bd8 36. Bxb7 Ra1 37. Rc6+ 1-0

[Event "XV  MIEDZYNARODOWY FESTIWAL  SZACHOWY "]
[Site "Rewal"]
[Date "2010.08.23"]
[Round "4.19"]
[White "Puczylowski, Marcin"]
[Black "Siwiec, Arkadiusz"]
[Result "0-1"]
[WhiteElo "2034"]
[BlackElo "2119"]
[PlyCount "74"]
[EventDate "2010.??.??"]

1. d4 Nf6 2. c4 g6 3. Nc3 d5 4. cxd5 Nxd5 5. e4 Nxc3 6. bxc3 Bg7 7. Nf3 c5 8.
Bc4 O-O 9. O-O Nc6 10. e5 Bg4 11. Be3 Bxf3 12. gxf3 e6 13. f4 cxd4 14. cxd4 Ne7
15. Qf3 Qd7 16. Rab1 b6 17. Rfd1 Rfd8 18. Rb3 Rac8 19. Bd3 Qc6 20. Be4 Qa4 21.
Rb2 Nd5 22. Bxd5 Rxd5 23. h4 h5 24. Kh2 Qd7 25. Qe4 Ra5 26. Qd3 Qd5 27. Qe2 Bh6
28. Rg1 Qe4 29. Qd2 Ra3 30. Rg3 Rcc3 31. Qe2 Bxf4 32. Bxf4 Qxf4 33. Rd2 Qxh4+
34. Kg2 Rc1 35. f3 Rh1 36. Rxg6+ fxg6 37. Qc4 Qh2# 0-1

[Event "XV  MIEDZYNARODOWY FESTIWAL  SZACHOWY "]
[Site "Rewal"]
[Date "2010.08.23"]
[Round "4.20"]
[White "Motyl, Tomasz"]
[Black "Pietruszewski, Marcin"]
[Result "0-1"]
[WhiteElo "2015"]
[BlackElo "2098"]
[PlyCount "66"]
[EventDate "2010.??.??"]

1. g3 Nf6 2. Bg2 d5 3. c4 g6 4. cxd5 Nxd5 5. Nc3 Nxc3 6. bxc3 c5 7. Rb1 Qc7 8.
d4 cxd4 9. cxd4 Bg7 10. Nf3 Bf5 11. Bf4 Qa5+ 12. Bd2 Qxa2 13. Rxb7 Be4 14. Rb5
O-O 15. O-O Nc6 16. Bf4 Bxf3 17. Bxf3 Nxd4 18. Bd5 Qxe2 19. Ra5 Rad8 20. Qa4
Rxd5 21. Rxd5 Nf3+ 22. Kg2 Nh4+ 23. gxh4 Qg4+ 24. Kh1 Qf3+ 25. Kg1 Qg4+ 26. Kh1
Qf3+ 27. Kg1 Qxd5 28. Qxa7 Bf6 29. Bg3 Ra8 30. Qe3 Ra4 31. Rc1 Kg7 32. Bf4 h5
33. Qg3 Qf5 0-1

[Event "XV  MIEDZYNARODOWY FESTIWAL  SZACHOWY "]
[Site "Rewal"]
[Date "2010.08.23"]
[Round "4.21"]
[White "Halamus, Agata"]
[Black "Mucha, Marcin"]
[Result "1-0"]
[WhiteElo "1996"]
[BlackElo "2088"]
[PlyCount "51"]
[EventDate "2010.??.??"]

1. e4 e6 2. d4 d5 3. Nd2 Nc6 4. c3 e5 5. dxe5 dxe4 6. Qa4 Qd5 7. Qxe4 Qxe4+ 8.
Nxe4 Nxe5 9. Bf4 f6 10. O-O-O Bd7 11. Bxe5 fxe5 12. Rd5 O-O-O 13. Rxe5 g6 14.
Nf3 Bf5 15. Nfg5 Bg7 16. Rc5 h6 17. g4 Bxg4 18. Nf7 Bf3 19. Bh3+ Kb8 20. Re1
Re8 21. Nxh8 Bxh8 22. Re3 Rf8 23. Bd7 b6 24. Rc4 Be5 25. Nd2 Nf6 26. Nxf3 1-0

[Event "XV  MIEDZYNARODOWY FESTIWAL  SZACHOWY "]
[Site "Rewal"]
[Date "2010.08.23"]
[Round "4.22"]
[White "Gabrys, Sebastian"]
[Black "Wiewiora, Eneasz"]
[Result "0-1"]
[WhiteElo "1833"]
[BlackElo "2042"]
[PlyCount "76"]
[EventDate "2010.??.??"]

1. e4 c6 2. d4 d5 3. exd5 cxd5 4. c4 Nf6 5. Nc3 g6 6. Nf3 Bg7 7. Be2 O-O 8. O-O
Nc6 9. Bg5 Be6 10. c5 Ne4 11. Be3 Nxc5 12. dxc5 d4 13. Nxd4 Nxd4 14. Bf3 Nxf3+
15. Qxf3 Qd7 16. Rfd1 Qc6 17. Qxc6 bxc6 18. Bd4 Rfd8 19. Bxg7 Kxg7 20. Kf1 g5
21. Ke2 f5 22. Rxd8 Rxd8 23. Rd1 Bc4+ 24. Ke1 Rxd1+ 25. Kxd1 Kf6 26. Kd2 Ke5
27. b4 Kd4 28. a3 e5 29. Na4 e4 30. Nb2 Bd5 31. Nd1 f4 32. g3 Bb3 33. h4 h5 34.
Nb2 e3+ 35. fxe3+ fxe3+ 36. Ke2 Kc3 37. Nd1+ Bxd1+ 38. Kxd1 a6 0-1

[Event "XV  MIEDZYNARODOWY FESTIWAL  SZACHOWY "]
[Site "Rewal"]
[Date "2010.08.23"]
[Round "4.23"]
[White "Latocha, Aleksander"]
[Black "Dobrowolski, Marcin"]
[Result "1/2-1/2"]
[WhiteElo "1929"]
[BlackElo "1964"]
[PlyCount "72"]
[EventDate "2010.??.??"]

1. e4 g6 2. d4 Bg7 3. Nf3 d6 4. Nc3 Nf6 5. Bg5 h6 6. Bh4 O-O 7. Bc4 Nxe4 8.
Nxe4 d5 9. Qe2 dxc4 10. Qxc4 Be6 11. Qd3 Nd7 12. h3 c5 13. O-O Rc8 14. Nd6 Rb8
15. d5 Ne5 16. Nxe5 Qxd6 17. dxe6 Bxe5 18. exf7+ Rxf7 19. Qb3 Kg7 20. Rad1 Qc6
21. c3 Rbf8 22. Qd5 Qc7 23. f3 b6 24. Rfe1 Bf6 25. Bxf6+ exf6 26. Qd6 Qxd6 27.
Rxd6 Rc8 28. c4 Rcc7 29. Kf2 Rfe7 30. Red1 Re5 31. Rd7+ Re7 32. Rd8 h5 33. R1d6
g5 34. Rd5 h4 35. b3 Rc6 36. R8d7 Rce6 1/2-1/2

[Event "XV  MIEDZYNARODOWY FESTIWAL  SZACHOWY "]
[Site "Rewal"]
[Date "2010.08.23"]
[Round "4.24"]
[White "Sowul, Bartosz"]
[Black "Jagodzinski, Piotr"]
[Result "1/2-1/2"]
[WhiteElo "2128"]
[BlackElo "2189"]
[PlyCount "53"]
[EventDate "2010.??.??"]

1. d4 Nf6 2. c4 c5 3. d5 b5 4. Bg5 Ne4 5. Bf4 d6 6. f3 Qa5+ 7. Nd2 Nf6 8. e4
bxc4 9. Qc2 Ba6 10. Bxc4 Bxc4 11. Qxc4 Nbd7 12. Ne2 Nh5 13. Be3 Ne5 14. Qc3 Qa6
15. Nc1 g6 16. g4 Nf6 17. Bf4 Ned7 18. Qc4 Qb7 19. Rb1 Rb8 20. Nd3 Nb6 21. Qb5+
Qd7 22. Qxd7+ Nfxd7 23. b3 Bg7 24. Ke2 O-O 25. Bg5 Rfe8 26. Rhc1 h6 27. h4
1/2-1/2

[Event "XV  MIEDZYNARODOWY FESTIWAL  SZACHOWY "]
[Site "Rewal"]
[Date "2010.08.23"]
[Round "4.25"]
[White "Sachryn, Krystian"]
[Black "Gorol, Magdalena"]
[Result "0-1"]
[WhiteElo "1862"]
[BlackElo "1787"]
[PlyCount "92"]
[EventDate "2010.??.??"]

1. c4 e6 2. Nf3 Nf6 3. g3 d5 4. d4 c6 5. Bg2 Be7 6. O-O Nbd7 7. a4 O-O 8. Bg5
Ne4 9. Bxe7 Qxe7 10. Nfd2 f5 11. c5 e5 12. e3 b6 13. cxb6 axb6 14. Qc2 Ba6 15.
Rc1 Rac8 16. dxe5 Nxe5 17. Bf1 Bb7 18. Bg2 Ng4 19. Rf1 Ba6 20. Nc3 Bxf1 21.
Rxf1 Qb4 22. Ndxe4 dxe4 23. Na2 Qa5 24. b4 Qa7 25. Rc1 Kh8 26. Nc3 Ne5 27. Nb5
Qe7 28. Nd4 Nd3 29. Rb1 Nxb4 30. Qb3 c5 31. Ne2 Ra8 32. h4 Qf7 33. Qxf7 Rxf7
34. Rd1 g6 35. Nc3 Nd3 36. f3 Nb2 37. Ra1 exf3 38. Bxf3 Rd8 39. Nd5 Rd6 40. Ra2
Nd3 41. Nc3 Re7 42. e4 Nb4 43. Rf2 Rd3 44. Nd5 Nxd5 45. exd5 Ra7 46. Kf1 Rxa4
0-1

[Event "XV  MIEDZYNARODOWY FESTIWAL  SZACHOWY "]
[Site "Rewal"]
[Date "2010.08.24"]
[Round "5.2"]
[White "Janaszak, Dawid"]
[Black "Jaracz, Pawel"]
[Result "1/2-1/2"]
[WhiteElo "2318"]
[BlackElo "2541"]
[PlyCount "88"]
[EventDate "2010.??.??"]

1. e4 c5 2. c3 Nf6 3. e5 Nd5 4. g3 d6 5. exd6 e6 6. Bg2 Bxd6 7. Nf3 O-O 8. O-O
Nc6 9. d4 cxd4 10. Nxd4 Nxd4 11. Qxd4 Qc7 12. Nd2 Rd8 13. Nf3 Bd7 14. Bg5 f6
15. Bd2 Ne7 16. Qe4 e5 17. Rfd1 Kh8 18. c4 Bf5 19. Qe2 Nc6 20. Bc3 Bg4 21. h3
Bh5 22. g4 Bf7 23. b3 Re8 24. Nh4 Bc5 25. Nf5 Be6 26. Qf3 Rf8 27. Rd2 Rae8 28.
Rad1 Bxf5 29. Qxf5 Nd4 30. Qe4 b6 31. Qb7 Qxb7 32. Bxb7 a5 33. Kg2 f5 34. f4
fxg4 35. fxe5 Nf5 36. Kh1 gxh3 37. Rd7 Ng3+ 38. Kh2 Ne2 39. Ba1 Rf2+ 40. Kxh3
h5 41. e6 Nf4+ 42. Kg3 Nxe6 43. Bd5 h4+ 44. Kxh4 Rxa2 1/2-1/2

[Event "XV  MIEDZYNARODOWY FESTIWAL  SZACHOWY "]
[Site "Rewal"]
[Date "2010.08.24"]
[Round "5.3"]
[White "Cyborowski, Lukasz"]
[Black "Korneevets, Alexander"]
[Result "1/2-1/2"]
[WhiteElo "2529"]
[BlackElo "2314"]
[PlyCount "37"]
[EventDate "2010.??.??"]

1. c4 c6 2. e4 Qa5 3. Nf3 e5 4. Nc3 Nf6 5. g3 Bb4 6. Bg2 O-O 7. O-O d6 8. Qc2
Nbd7 9. d3 Bxc3 10. bxc3 a6 11. Nh4 b5 12. Nf5 Qc7 13. Qd2 Kh8 14. Qg5 g6 15.
Ne3 Ng8 16. a4 f6 17. Qh4 bxc4 18. Nxc4 Nc5 19. Ba3 1/2-1/2

[Event "XV  MIEDZYNARODOWY FESTIWAL  SZACHOWY "]
[Site "Rewal"]
[Date "2010.08.24"]
[Round "5.5"]
[White "Robak, Zbigniew"]
[Black "Oliwa, Marek"]
[Result "0-1"]
[WhiteElo "2278"]
[BlackElo "2418"]
[PlyCount "25"]
[EventDate "2010.??.??"]

1. e4 Nf6 2. e5 Nd5 3. d4 d6 4. Nf3 Bg4 5. Be2 c6 6. O-O Bxf3 7. Bxf3 dxe5 8.
dxe5 e6 9. Qe2 Nd7 10. Bxd5 cxd5 11. c4 dxc4 12. Qxc4 Qa5 13. Bd2 0-1

[Event "XV  MIEDZYNARODOWY FESTIWAL  SZACHOWY "]
[Site "Rewal"]
[Date "2010.08.24"]
[Round "5.6"]
[White "Adamski, Jan"]
[Black "Obrusnik, Michal"]
[Result "1/2-1/2"]
[WhiteElo "2287"]
[BlackElo "2196"]
[PlyCount "32"]
[EventDate "2010.??.??"]

1. Nf3 Nf6 2. c4 g6 3. b4 Bg7 4. Bb2 O-O 5. g3 d6 6. Bg2 e5 7. d3 Nh5 8. Qc2 f5
9. Nc3 Nc6 10. b5 Nd4 11. Nxd4 exd4 12. Nd5 c6 13. bxc6 bxc6 14. Nb4 Qa5 15. a3
Bd7 16. O-O Rac8 1/2-1/2

[Event "XV  MIEDZYNARODOWY FESTIWAL  SZACHOWY "]
[Site "Rewal"]
[Date "2010.08.24"]
[Round "5.7"]
[White "Piesik, Piotr"]
[Black "Andrenko, Irina"]
[Result "1/2-1/2"]
[WhiteElo "2264"]
[BlackElo "2133"]
[PlyCount "64"]
[EventDate "2010.??.??"]

1. d4 g6 2. Nf3 Bg7 3. g3 d6 4. Bg2 Nf6 5. O-O O-O 6. Nbd2 c6 7. e4 Nbd7 8. Qe2
e5 9. dxe5 dxe5 10. b3 Re8 11. Bb2 Qc7 12. Rfd1 b5 13. a4 Rb8 14. Ne1 Nc5 15.
Nd3 Nfd7 16. axb5 cxb5 17. Nb4 Ne6 18. Nf3 a5 19. Nd5 Qa7 20. Qe3 Qxe3 21. Nxe3
a4 22. bxa4 bxa4 23. Nc4 Nec5 24. Nd6 Re6 25. Ba3 Ba6 26. Ng5 Rf6 27. Rd5 Bf8
28. Bxc5 Nxc5 29. Rxc5 Rxd6 30. Ra5 Bb5 31. Bf1 Bxf1 32. Kxf1 Rc8 1/2-1/2

[Event "XV  MIEDZYNARODOWY FESTIWAL  SZACHOWY "]
[Site "Rewal"]
[Date "2010.08.24"]
[Round "5.8"]
[White "Hansson, Hakan"]
[Black "Klekowski, Maciej"]
[Result "0-1"]
[WhiteElo "2114"]
[BlackElo "2247"]
[PlyCount "114"]
[EventDate "2010.??.??"]

1. d4 d5 2. Nf3 Nf6 3. c4 e6 4. Bg5 Be7 5. e3 h6 6. Bh4 b6 7. Nc3 O-O 8. Be2
Bb7 9. O-O Nbd7 10. Rc1 c5 11. cxd5 Nxd5 12. Bxe7 Qxe7 13. Bc4 N5f6 14. Qe2
Bxf3 15. Qxf3 cxd4 16. exd4 Qb4 17. Qe2 Rac8 18. Ba6 Rcd8 19. Rfd1 Nb8 20. Bc4
Nc6 21. a3 Qa5 22. Qe3 Ne7 23. h3 Qg5 24. f4 Qf5 25. Qe5 Qg6 26. Bd3 Qh5 27.
Ne4 Qxe5 28. dxe5 Nfd5 29. g3 Ne3 30. Rd2 Rc8 31. Rxc8 Rxc8 32. Kf2 N7d5 33.
Nd6 Rc1 34. Be4 g5 35. f5 Rd1 36. Rxd1 Nxd1+ 37. Ke2 Nxb2 38. fxe6 fxe6 39.
Bxd5 exd5 40. Ke3 Nc4+ 41. Kd4 Nxa3 42. Kxd5 b5 43. Ke6 Nc4 44. Nxb5 a5 45. Nd6
Nb6 46. Kf6 Nd7+ 47. Kf5 Kf8 48. e6 Nb6 49. Kf6 Nd5+ 50. Ke5 Nc7 51. Kf6 Ne8+
52. Nxe8 Kxe8 53. Ke5 Ke7 54. h4 g4 55. Kd5 h5 56. Ke5 a4 57. Kd4 Kxe6 0-1

[Event "XV  MIEDZYNARODOWY FESTIWAL  SZACHOWY "]
[Site "Rewal"]
[Date "2010.08.24"]
[Round "5.9"]
[White "Klim, Kamil"]
[Black "Kastelik, Adrian"]
[Result "1-0"]
[WhiteElo "2245"]
[BlackElo "1942"]
[PlyCount "56"]
[EventDate "2010.??.??"]

1. d4 d5 2. c4 c6 3. Nf3 Nf6 4. Qc2 e6 5. g3 Nbd7 6. Bg2 Bd6 7. O-O O-O 8. Nbd2
b6 9. cxd5 cxd5 10. Qc6 Qc7 11. Qxa8 Ba6 12. Qxf8+ Kxf8 13. Re1 Qc2 14. e3 h5
15. a3 Bd3 16. Ng5 Ne4 17. Ngxe4 dxe4 18. Bf1 e5 19. Bxd3 Qxd3 20. Nb1 exd4 21.
exd4 Qxd4 22. Nc3 Nc5 23. Be3 Qf6 24. Bxc5 Bxc5 25. Nxe4 Qxb2 26. Nxc5 g5 27.
Ne4 Qe5 28. Rad1 h4 1-0

[Event "XV  MIEDZYNARODOWY FESTIWAL  SZACHOWY "]
[Site "Rewal"]
[Date "2010.08.24"]
[Round "5.11"]
[White "Sroka, Janusz"]
[Black "Kielar, Maciej"]
[Result "1/2-1/2"]
[WhiteElo "2148"]
[BlackElo "2055"]
[PlyCount "29"]
[EventDate "2010.??.??"]

1. e4 g6 2. d3 Bg7 3. g3 c5 4. Bg2 e6 5. f4 d5 6. exd5 exd5 7. Nf3 Nc6 8. O-O
Nge7 9. Nc3 O-O 10. Kh1 b6 11. a3 Bb7 12. Ne2 Nf5 13. g4 Nh4 14. Nxh4 Qxh4 15.
Ng3 1/2-1/2

[Event "XV  MIEDZYNARODOWY FESTIWAL  SZACHOWY "]
[Site "Rewal"]
[Date "2010.08.24"]
[Round "5.12"]
[White "Pietruszewski, Marcin"]
[Black "Jaracz, Barbara"]
[Result "1/2-1/2"]
[WhiteElo "2098"]
[BlackElo "2280"]
[PlyCount "128"]
[EventDate "2010.??.??"]

1. e4 e5 2. Nf3 Nc6 3. Bb5 a6 4. Ba4 Nf6 5. O-O Be7 6. Re1 b5 7. Bb3 d6 8. c3
O-O 9. h3 h6 10. d4 Re8 11. Nbd2 Bf8 12. Nf1 Bd7 13. Ng3 Na5 14. Bc2 c5 15. b3
Nc6 16. d5 Ne7 17. Be3 Ng6 18. Qd2 Nh7 19. a4 Be7 20. b4 cxb4 21. cxb4 Ng5 22.
Nxg5 Bxg5 23. Ra2 Bxe3 24. Qxe3 Nf4 25. Rea1 Qg5 26. axb5 Bxb5 27. Ba4 Rac8 28.
Bxb5 axb5 29. Ra5 g6 30. Rxb5 h5 31. Qf3 Rc2 32. Rb6 Rec8 33. Rc6 R8xc6 34.
dxc6 Rxc6 35. b5 Rc2 36. Rb1 h4 37. Nf1 Ne2+ 38. Kh2 Nd4 39. Qe3 Qf4+ 40. Qxf4
exf4 41. b6 Nc6 42. Kg1 Kg7 43. b7 Nb8 44. Rb6 Rc6 45. Rxc6 Nxc6 46. Nd2 Kf6
47. Nf3 Ke7 48. Nd4 Nb8 49. Kf1 Kd7 50. Ke2 Kc7 51. Kf3 Kxb7 52. Kxf4 Nd7 53.
Kg5 Kb6 54. Kxh4 Kc5 55. Nf3 d5 56. exd5 Kxd5 57. Kg5 Ke4 58. Kh6 Kd3 59. Ng5
Ke2 60. Nxf7 Kxf2 61. g4 Kg3 62. Ng5 Ne5 63. Kg7 Nxg4 64. hxg4 Kxg4 1/2-1/2

[Event "XV  MIEDZYNARODOWY FESTIWAL  SZACHOWY "]
[Site "Rewal"]
[Date "2010.08.24"]
[Round "5.13"]
[White "Gola, Karol"]
[Black "Halamus, Agata"]
[Result "0-1"]
[WhiteElo "2212"]
[BlackElo "1996"]
[PlyCount "86"]
[EventDate "2010.??.??"]

1. e4 c5 2. Nf3 Nc6 3. Bb5 g6 4. Bxc6 bxc6 5. O-O Bg7 6. Re1 Nh6 7. c3 O-O 8.
d3 d6 9. h3 f6 10. d4 cxd4 11. cxd4 Nf7 12. Nc3 Bd7 13. Be3 Qc7 14. Rc1 Qb7 15.
Qd2 Rab8 16. b3 Rbd8 17. d5 c5 18. Nh2 Ra8 19. f4 Qb4 20. Qc2 a5 21. Bd2 Rfb8
22. Na4 Qb7 23. Rb1 f5 24. g4 Bd4+ 25. Kg2 fxe4 26. Qxe4 e6 27. Nf3 exd5 28.
Qd3 Bf6 29. Nc3 Bxc3 30. Bxc3 d4 31. Bd2 Bc6 32. Kg3 Re8 33. Rxe8+ Rxe8 34. Re1
Rxe1 35. Bxe1 Be4 36. Qe2 Qa8 37. Nd2 Bd5 38. Nc4 Bxc4 39. Qxc4 Qe4 40. Qc1
Qd3+ 41. Kh4 g5+ 42. fxg5 Ne5 43. g6 Nf3+ 0-1

[Event "XV  MIEDZYNARODOWY FESTIWAL  SZACHOWY "]
[Site "Rewal"]
[Date "2010.08.24"]
[Round "5.14"]
[White "Wiewiora, Eneasz"]
[Black "Szuper, Paul"]
[Result "1/2-1/2"]
[WhiteElo "2042"]
[BlackElo "2192"]
[PlyCount "143"]
[EventDate "2010.??.??"]

1. d4 e6 2. c4 b6 3. Nc3 Bb7 4. Nf3 Nf6 5. Bg5 h6 6. Bh4 d6 7. Qc2 g5 8. Bg3
Nh5 9. e3 Bg7 10. d5 e5 11. Bd3 Bc8 12. h4 g4 13. Nd2 Na6 14. Bf5 O-O 15. a3
Nc5 16. b4 Nb7 17. Rc1 a5 18. Nf1 axb4 19. axb4 e4 20. Bxe4 f5 21. Bd3 Qe7 22.
Ne2 Ra3 23. Nf4 Bc3+ 24. Qxc3 Rxc3 25. Rxc3 Qg7 26. Kd2 Nf6 27. Kc2 Nd8 28. Nd2
Nd7 29. Nb3 Ne5 30. Be2 c6 31. Nd4 Bd7 32. Ra1 c5 33. bxc5 dxc5 34. Nb5 Bxb5
35. cxb5 Re8 36. Nd3 Nc4 37. Ra8 Qb7 38. Rb8 Qxd5 39. Bc7 Na5 40. Bxb6 Qa2+ 41.
Nb2 Qa1 42. Rxd8 Rxd8 43. Bxd8 Qe1 44. Bc4+ Nxc4 45. Nxc4 Qxf2+ 46. Kb3 Qxg2
47. b6 Qf3 48. Bc7 g3 49. Bxg3 Qxg3 50. b7 Qc7 51. Na5 Qb6+ 52. Kc4 Qb4+ 53.
Kd5 c4 54. Kd4 Kf7 55. Rxc4 Qd2+ 56. Kc5 Qxa5+ 57. Kd6 Qb6+ 58. Rc6 Qxb7 59.
Rc7+ Qxc7+ 60. Kxc7 Ke6 61. h5 Kd5 62. Kd7 Ke5 63. Ke7 f4 64. exf4+ Kxf4 65.
Kf6 Ke4 66. Kg6 Ke5 67. Kxh6 Kf6 68. Kh7 Kf7 69. h6 Kf8 70. Kg6 Kg8 71. h7+ Kh8
72. Kh6 1/2-1/2

[Event "XV  MIEDZYNARODOWY FESTIWAL  SZACHOWY "]
[Site "Rewal"]
[Date "2010.08.24"]
[Round "5.15"]
[White "Reza, Wojciech"]
[Black "Wandzik, Wojciech"]
[Result "1/2-1/2"]
[WhiteElo "1940"]
[BlackElo "2151"]
[PlyCount "45"]
[EventDate "2010.??.??"]

1. d4 Nf6 2. c4 e6 3. Nf3 d5 4. Nc3 Bb4 5. Qb3 c5 6. dxc5 Nc6 7. cxd5 exd5 8.
Bd2 O-O 9. e3 Bg4 10. Ne5 Nxe5 11. Qxb4 Re8 12. Nb5 Nc6 13. Qf4 d4 14. Nd6 Re7
15. Bb5 dxe3 16. fxe3 Ne5 17. O-O a6 18. Ba4 Be2 19. Rfb1 Nc4 20. Bc3 Nd5 21.
Qd4 Nxc3 22. bxc3 Nxd6 23. cxd6 1/2-1/2

[Event "XV  MIEDZYNARODOWY FESTIWAL  SZACHOWY "]
[Site "Rewal"]
[Date "2010.08.24"]
[Round "5.16"]
[White "Siwiec, Arkadiusz"]
[Black "Polok, Kacper"]
[Result "1/2-1/2"]
[WhiteElo "2119"]
[BlackElo "2041"]
[PlyCount "56"]
[EventDate "2010.??.??"]

1. e4 c5 2. Nf3 d6 3. d4 cxd4 4. Nxd4 Nf6 5. Nc3 a6 6. Bg5 Nbd7 7. f4 Qc7 8.
Qf3 h6 9. Bh4 g5 10. fxg5 hxg5 11. Bxg5 Qc5 12. Be3 Ne5 13. Qe2 Neg4 14. Bg1
Bh6 15. g3 Qb4 16. Nb3 b5 17. a4 Qc4 18. Qxc4 bxc4 19. Bxc4 Bb7 20. Bd3 Rc8 21.
Na5 Ba8 22. Ba7 Ne5 23. Bxa6 Rxc3 24. bxc3 Nxe4 25. Bb7 Bd2+ 26. Ke2 Bxb7 27.
Nxb7 Bxc3 28. Rab1 Kd7 1/2-1/2

[Event "XV  MIEDZYNARODOWY FESTIWAL  SZACHOWY "]
[Site "Rewal"]
[Date "2010.08.24"]
[Round "5.18"]
[White "Szczepkowska-horowska, Karina"]
[Black "Rogala, Robert"]
[Result "1-0"]
[WhiteElo "2298"]
[BlackElo "2037"]
[PlyCount "75"]
[EventDate "2010.??.??"]

1. e4 d6 2. d4 Nf6 3. Bd3 g6 4. Nf3 Bg7 5. O-O O-O 6. c3 Nc6 7. h3 e5 8. Re1 a6
9. a3 Nh5 10. d5 Ne7 11. c4 h6 12. Nc3 Qe8 13. b4 f5 14. Bd2 f4 15. c5 g5 16.
Nh2 Qg6 17. cxd6 cxd6 18. Na4 g4 19. hxg4 f3 20. Re3 Bxg4 21. Nxg4 Qxg4 22.
Rxf3 Rxf3 23. Qxf3 Qxf3 24. gxf3 Rf8 25. Nb6 Ng6 26. Nc4 Nh4 27. Be2 Rf6 28. a4
Nf4 29. Bxf4 exf4 30. Kh2 Ng6 31. Rc1 Bf8 32. Na5 Rf7 33. Rc8 Kh7 34. Rb8 Bg7
35. Rxb7 Rxb7 36. Nxb7 Bc3 37. b5 axb5 38. Bxb5 1-0

[Event "XV  MIEDZYNARODOWY FESTIWAL  SZACHOWY "]
[Site "Rewal"]
[Date "2010.08.24"]
[Round "5.19"]
[White "Nasuta, Grzegorz"]
[Black "Spicak, Krzysztof"]
[Result "0-1"]
[WhiteElo "2102"]
[BlackElo "2026"]
[PlyCount "72"]
[EventDate "2010.??.??"]

1. e4 Nf6 2. e5 Nd5 3. d4 d6 4. c4 Nb6 5. exd6 cxd6 6. Bd3 g6 7. Ne2 Bg7 8. Bd2
O-O 9. Bc3 e5 10. O-O Nc6 11. d5 Ne7 12. Nd2 f5 13. f3 Nd7 14. b4 Nf6 15. Qb3
Kh8 16. a4 Bd7 17. Kh1 Qc7 18. Rfc1 Rae8 19. Bb2 Bc8 20. Nc3 a6 21. a5 g5 22.
Na4 g4 23. Nb6 Bh6 24. Rc2 Ng6 25. c5 gxf3 26. gxf3 Bxd2 27. Rxd2 Nh5 28. cxd6
Qxd6 29. Rc1 Bd7 30. b5 Ngf4 31. Ba3 Qh6 32. Rg1 Rg8 33. Rdd1 Nh3 34. Rxg8+
Rxg8 35. Qb2 Qe3 36. Bc5 Qxf3+ 0-1

[Event "XV  MIEDZYNARODOWY FESTIWAL  SZACHOWY "]
[Site "Rewal"]
[Date "2010.08.24"]
[Round "5.20"]
[White "Siedlinski, Piotr"]
[Black "Puczylowski, Marcin"]
[Result "1-0"]
[WhiteElo "2000"]
[BlackElo "2034"]
[PlyCount "87"]
[EventDate "2010.??.??"]

1. e4 c5 2. Nf3 e6 3. d4 cxd4 4. Nxd4 Nf6 5. Nc3 Bb4 6. e5 Ne4 7. Qg4 Nxc3 8.
a3 Bf8 9. bxc3 Nc6 10. Nxc6 dxc6 11. Bd2 Qc7 12. f4 g6 13. Bd3 Bc5 14. Qf3 Qb6
15. Ke2 Qc7 16. Be4 Bd7 17. c4 Rd8 18. Rhd1 b5 19. Bb4 Qb6 20. Qc3 Bxb4 21.
axb4 c5 22. Rd6 Qc7 23. cxb5 Bxb5+ 24. Kf3 c4 25. Qd4 a6 26. Rd1 Ke7 27. Rxd8
Rxd8 28. Qxd8+ Qxd8 29. Rxd8 Kxd8 30. Ke3 Kc7 31. Kd4 Kb6 32. c3 a5 33. bxa5+
Kxa5 34. Kc5 Ka4 35. Bc2+ Ka5 36. Bd1 Ba6 37. g4 Bb7 38. Kxc4 Kb6 39. Ba4 g5
40. fxg5 Bf3 41. Be8 Bxg4 42. Bxf7 Kc6 43. h4 Kd7 44. g6 1-0

[Event "XV  MIEDZYNARODOWY FESTIWAL  SZACHOWY "]
[Site "Rewal"]
[Date "2010.08.24"]
[Round "5.21"]
[White "Gorol, Magdalena"]
[Black "Sowul, Bartosz"]
[Result "0-1"]
[WhiteElo "1787"]
[BlackElo "2128"]
[PlyCount "82"]
[EventDate "2010.??.??"]

1. e4 g6 2. d4 Bg7 3. Nf3 d6 4. Nbd2 Nd7 5. Bc4 e6 6. O-O a6 7. c3 Ne7 8. Bb3
b6 9. Ng5 h6 10. Nh3 e5 11. dxe5 dxe5 12. f3 Nc5 13. Nf2 Nxb3 14. Qxb3 Be6 15.
Qd1 O-O 16. Qe1 f5 17. exf5 gxf5 18. Kh1 Ng6 19. Rg1 Bd5 20. Nh3 Kh7 21. Nf1
Qd7 22. Bd2 Qc6 23. Qf2 f4 24. Be1 e4 25. fxe4 Bxe4 26. Nd2 Bf5 27. Nf3 Bxh3
28. gxh3 Ne5 29. Rf1 Bf6 30. Rd1 Rae8 31. Bd2 Rd8 32. Bxf4 Nxf3 33. Rxd8 Ng5+
34. Qg2 Qxg2+ 35. Kxg2 Bxd8 36. Bxg5 Rxf1 37. Bxd8 Ra1 38. Bxc7 Rxa2 39. Bxb6
Rxb2+ 40. Bf2 a5 41. Kg3 Rxf2 0-1

[Event "XV  MIEDZYNARODOWY FESTIWAL  SZACHOWY "]
[Site "Rewal"]
[Date "2010.08.24"]
[Round "5.22"]
[White "Mucha, Marcin"]
[Black "Latocha, Aleksander"]
[Result "0-1"]
[WhiteElo "2088"]
[BlackElo "1929"]
[PlyCount "66"]
[EventDate "2010.??.??"]

1. d4 d5 2. c4 e6 3. Nf3 c6 4. Nc3 dxc4 5. a4 Bb4 6. e3 b5 7. Bd2 a5 8. Ne5 Nf6
9. Qf3 Bxc3 10. bxc3 Qd5 11. Qg3 O-O 12. f3 Nbd7 13. e4 Qd6 14. Be2 Qc7 15. O-O
Nxe5 16. dxe5 Nd7 17. f4 Nc5 18. Bf3 Nxa4 19. Rxa4 bxa4 20. Be2 Qb6+ 21. Be3
Qb2 22. Bh5 Qxc3 23. f5 exf5 24. exf5 Bxf5 25. Rxf5 Rad8 26. h3 Rd3 27. Rf3 a3
28. e6 a2 29. e7 a1=Q+ 30. Kh2 Qe5 31. exf8=Q+ Kxf8 32. Bc5+ Kg8 33. Bxf7+ Kh8
0-1

[Event "XV  MIEDZYNARODOWY FESTIWAL  SZACHOWY "]
[Site "Rewal"]
[Date "2010.08.24"]
[Round "5.23"]
[White "Mrozewicz, Ryszard"]
[Black "Motyl, Tomasz"]
[Result "0-1"]
[WhiteElo "1669"]
[BlackElo "2015"]
[PlyCount "92"]
[EventDate "2010.??.??"]

1. d4 d6 2. e4 g6 3. Nf3 Bg7 4. h3 c5 5. c3 Nf6 6. dxc5 O-O 7. e5 dxe5 8. Qxd8
Rxd8 9. Be3 Nd5 10. Na3 Nxe3 11. fxe3 Nc6 12. Be2 Bh6 13. Kf2 Be6 14. Nc4 f6
15. b4 Rd7 16. b5 Nd8 17. Rhd1 Rc7 18. c6 bxc6 19. b6 axb6 20. Nxb6 Rb8 21. a4
Nb7 22. c4 Nc5 23. a5 Ne4+ 24. Ke1 Bxe3 25. Bd3 Nc5 26. Ke2 Bf4 27. Bc2 Kf7 28.
Nd2 f5 29. Nf3 Nd7 30. Nxd7 Rxd7 31. a6 Bxc4+ 32. Kf2 Rxd1 33. Rxd1 Bxa6 34. g3
Rb2 35. gxf4 Rxc2+ 36. Kg3 Rc3 37. Kf2 exf4 38. Ne5+ Ke6 39. Nd7 Rc2+ 40. Kg1
f3 41. Nf8+ Ke5 42. Re1+ Kf4 43. Ne6+ Kg3 44. Rd1 Rg2+ 45. Kh1 Rh2+ 46. Kg1 f2#
0-1

[Event "XV  MIEDZYNARODOWY FESTIWAL  SZACHOWY "]
[Site "Rewal"]
[Date "2010.08.24"]
[Round "5.24"]
[White "Dobrowolski, Marcin"]
[Black "Gabrys, Sebastian"]
[Result "1-0"]
[WhiteElo "1964"]
[BlackElo "1833"]
[PlyCount "53"]
[EventDate "2010.??.??"]

1. d4 g6 2. c4 Bg7 3. Nc3 Nf6 4. e4 d6 5. f4 O-O 6. Be2 c5 7. d5 e6 8. Nf3 exd5
9. cxd5 Re8 10. e5 dxe5 11. fxe5 Ng4 12. Bg5 Qb6 13. O-O Nxe5 14. Nxe5 Bxe5 15.
Bc4 Bf5 16. Nb5 a6 17. d6 axb5 18. Bxf7+ Kxf7 19. Rxf5+ Kg7 20. d7 Bxh2+ 21.
Kh1 Rd8 22. Bf6+ Qxf6 23. Rxf6 Kxf6 24. Qf3+ Kg7 25. Kxh2 Nxd7 26. Rd1 Rab8 27.
Qe4 1-0